000 00560nam a22002177a 4500
003 OSt
005 20140310182836.0
008 130606t xxu||||| |||| 00| 0 eng d
020 _a0073031208
050 _aQH 308.7
_b.R253 2003
082 _aM 574
_bR19 2003
245 _aBiology /
_hRaven, Peter H.
250 _a6th ed.
260 _aNew York :
_bMcGraw-Hill Companies, Inc.,
_cc2003.
300 _axxix, 1238 p.
_bill. ;
_c23 cm.
521 _aCollege Students
526 _c1210L-1700L
541 _j1
562 _e1
942 _2lcc
_cBK
_kM
999 _c16744
_d16744